มุมมองปกติ
มุมมองแบบ MARC
- กองทุนอาคารเฉลิมพระเกียรติ 80 พรรษามหาราชินี มูลนิธิโรงพยาบาลเด็ก
รายการ Corporate Name
001 - CONTROL NUMBER
- control field: 60678
003 - CONTROL NUMBER IDENTIFIER
- control field: NALT
005 - DATE AND TIME OF LATEST TRANSACTION
- control field: 20230427143640.0
008 - FIXED-LENGTH DATA ELEMENTS
- fixed length control field: 230425|| aca||aabn | a|a d
040 ## - CATALOGING SOURCE
- Original cataloging agency: NALT
110 2# - HEADING--CORPORATE NAME
- Corporate name or jurisdiction name as entry element: กองทุนอาคารเฉลิมพระเกียรติ 80 พรรษามหาราชินี มูลนิธิโรงพยาบาลเด็ก
